00817aab a2200217 4500001001000000003001000010005001700020008004100037022001400078040004100092041000800133100002300141245004500164300006100209520014900270650004500419773009800464942000800562945001200570999001700582768714001CO-MdFUSB20240612091105.0170512s1996 cr ||||| |||| 00| 0 spa d a1409-1968 aCO-MdFUSBbspacCO-MdFUSBdCO-MdFUSB aspa1 aPalau, Luiseautor13aLa autoridad de la Bibliac/ Luis Palau aVolumen 13. Número 2 (1996), páginas 13-14c: 27 cm. aTiene autoridad la Biblia? Esta es una de las preguntas más antiguas y debatidas, y una de las más importantes y dignas de consideración.  0aBibliabEvidencias, autoridad, etc.93600 tApuntes Pastorales049442960177gVolumen 13. Número 2 (1996), páginas 13-14qPágina 13 cANA aJTF-925 c53564d53564